|
|
|
|
| LEADER |
02821nam a2200589 i 4500 |
| 001 |
nkc20203233737 |
| 003 |
CZ PrNK |
| 005 |
20200827110318.0 |
| 007 |
ta |
| 008 |
200702s2020 xr f m 000 0 cze |
| 015 |
|
|
|a cnb003233737
|
| 020 |
|
|
|a 978-80-214-5870-3
|q (brožováno)
|
| 035 |
|
|
|a (OCoLC)1200258208
|
| 040 |
|
|
|a BOA001
|b cze
|d ABA001
|e rda
|
| 041 |
0 |
|
|a cze
|b cze
|b eng
|
| 072 |
|
7 |
|a 504
|x Znečištění a poškození životního prostředí
|2 Konspekt
|9 2
|
| 080 |
|
|
|a 546.9
|2 MRF
|
| 080 |
|
|
|a 504.5
|2 MRF
|
| 080 |
|
|
|a 502:543
|2 MRF
|
| 080 |
|
|
|a (043.5)
|2 MRF
|
| 080 |
|
|
|a (048.3)
|2 MRF
|
| 100 |
1 |
|
|a Komendová, Renata,
|d 1974-
|7 mzk20201079189
|4 aut
|
| 245 |
1 |
0 |
|a Prekoncentrační techniky pro stanovení platinových kovů v životním prostředí =
|b Preconcentration techniques for determination of platinum group metals in the environment : zkrácená verze habilitační práce v oboru Chemie a technologie ochrany životního prostředí /
|c Renata Komendová
|
| 246 |
3 |
1 |
|a Preconcentration techniques for determination of platinum group metals in the environment
|
| 264 |
|
1 |
|a Brno :
|b Vysoké učení technické v Brně, nakladatelství Vutium,
|c 2020
|
| 300 |
|
|
|a 40 stran ;
|c 24 cm
|
| 336 |
|
|
|a text
|b txt
|2 rdacontent
|
| 337 |
|
|
|a bez média
|b n
|2 rdamedia
|
| 338 |
|
|
|a svazek
|b nc
|2 rdacarrier
|
| 490 |
1 |
|
|a Vědecké spisy Vysokého učení technického v Brně. Habilitační a inaugurační spisy,
|x 1213-418X ;
|v sv. 659
|
| 500 |
|
|
|a Zkrácená verze habilitační práce--Vysoké učení technické v Brně, Fakulta chemická, Ústav chemie a technologie ochrany životního prostředí, 2020
|
| 504 |
|
|
|a Obsahuje bibliografické odkazy
|
| 546 |
|
|
|a České a anglické resumé
|
| 650 |
0 |
7 |
|a platinové kovy
|7 ph124110
|2 czenas
|
| 650 |
0 |
7 |
|a znečištění životního prostředí
|7 ph135331
|2 czenas
|
| 650 |
0 |
7 |
|a environmentální analytická chemie
|7 ph119951
|2 czenas
|
| 650 |
0 |
9 |
|a platinum metals
|2 eczenas
|
| 650 |
0 |
9 |
|a environmental pollution
|2 eczenas
|
| 650 |
0 |
9 |
|a environmental analytical chemistry
|2 eczenas
|
| 655 |
|
7 |
|a habilitační práce
|7 fd185153
|2 czenas
|
| 655 |
|
7 |
|a teze
|7 fd133701
|2 czenas
|
| 655 |
|
9 |
|a habilitation theses
|2 eczenas
|
| 655 |
|
9 |
|a abstracts
|2 eczenas
|
| 710 |
2 |
|
|a Vysoké učení technické v Brně.
|b Ústav chemie a technologie ochrany životního prostředí
|7 kn20020611007
|4 isb
|
| 810 |
2 |
|
|a Vysoké učení technické v Brně.
|t Vědecké spisy.
|p Habilitační a inaugurační spisy
|0 s
|
| 910 |
2 |
|
|a BOA001
|b 2-1450.314
|
| 928 |
9 |
|
|a VUTIUM
|
| 990 |
|
|
|a BK
|
| 995 |
|
|
|a 01
|
| 991 |
|
|
|b 202007
|c NOV
|
| 996 |
6 |
|
|b 2610829651
|c 2-1450.314
|l MZK
|r Sklad / do 1 hodiny
|n 0
|p p.v.
|w 001812068
|u 000010
|a 1
|e BOA001
|j MZK50
|s P
|
| 996 |
7 |
|
|b 2610829652
|c 2-1450.314
|l MZK
|r Sklad / do 1 hodiny
|n 0
|p p.v.
|w 001812068
|u 000020
|a 1
|e BOA001
|j MZK50
|s A
|